Refranes y dichos #6 - Estadísticas

Estadísticas generales
  • Esta prueba ha sido intentada 419 veces
    391 desde el último reinicio
  • La puntuación promedio es 17 de 20
Estadísticas de respuestas
Hint Respuesta % Correcto
borrón y... cuenta nueva
98%
echar más leña al _____ fuego
98%
tenerlo en la punta de la ______ lengua
98%
coger la sartén por el _____ mango
97%
quedarse con la ____ abierta boca
96%
es ___ comido pan
96%
no tener _____ en la lengua pelos
96%
quién avisa... no es traidor
94%
costar un ___ de la cara ojo
94%
darse con un canto en los _______ dientes
93%
estar como _____ por su casa Pedro
93%
ser la gota que... colma el vaso
90%
dormir la ____ mona
90%
brillar por su... ausencia
83%
no está el horno... para bollos
82%
ahogarse en un... vaso de agua
81%
hacerse la _____ un lío picha
75%
habló de puta... la tacones
70%
arrieros somos y... en el camino nos encontraremos
44%
a Dios rogando y... con el mazo dando
34%
No se encontraron pruebas coincidentes
Distribución de puntuación
Porcentaje de gente con cada puntuación
Porcentaje por número respondido
Historial de tus puntuaciones
No has intentado esta prueba desde el último reinicio